000 01922nam a22005777a 4500
005 20250627154859.0
008 230504b2021 |||||||| |||| 00| 0 spa d
020 _a9788412389531
041 _aESP
082 _a658.406.2 L144c
100 _aLacoste, Jesús A.
_975779
245 _aClaves de transformación digital: cómo evolucionar y adaptarse a la era digital
260 _aEspaña
260 _bHAC
260 _c2021
300 _a244 páginas
505 _aParte I. La transformación digital: personas & tecnología. Parte II: La transformación del negocio: los clientes. Parte III: Estrategia de negocio en un mundo digital.
650 _aADMINISTRACIÓN
650 _aINCLUYE INNOVACIONES TECNOLÓGICAS
650 _aCAMBIO ORGANIZACIONAL
650 _aINNOVACIÓN TECNOLÓGICA
650 _aTRANSFORMACIÓN DIGITAL EN LA EMPRESA
650 _aETAPAS DE LA TRANSFORMACIÓN DIGITAL
650 _aADMINISTRACIÓN DE EMPRESAS
650 _aCULTURA DIGITAL
650 _aSOFT SKILLS PARA LA TRANSFORMACIÓN DIGITAL
650 _aDISEÑO DE PRODUCTO
650 _aCEO
650 _aDIRECTIVOS
650 _aINNOVACIÓN DISRUPTIVA
650 _aGLOBALIZACIÓN 4.0
650 _aPRINCIPIO DE PARETO
650 _aINTELIGENCIA ARTIFICIAL
650 _aSOFT SKILLS
650 _aGESTIÓN ÉTICA DE DATOS EN EL MUNDO DIGITAL
650 _aCLIENTE DIGITAL
650 _aENGAGEMENT
650 _aCOMPRAS FUNCIONALES ONLINE
650 _aCOMPRAS EMOCIONALES FÍSICAS
650 _aOPORTUNIDAD DE NEGOCIO
650 _aCLIENTES ESTRATÉGICOS
650 _aCAMBIO DE COMUNICACIÓN
650 _aESTRATEGIA DE NEGOCIO
650 _aCREACIÓN DE PRODUCTOS
650 _aTRABAJO EN EQUIPO
650 _aPRINCIPIOS EMPRESARIALES
650 _aPRINCIPIOS ORGANIZACIONALES
650 _aERA DIGITAL
650 _aINTELIGENCIA EMOCIONAL
942 _cBK
_2ddc
999 _c13531
_d13531